Culture Générale - Série 2260 - Statistiques

Statistiques générales
  • Ce quiz a été pris 125 fois
  • Le résultat moyen est 3 sur 10
Statistiques - réponses
Question Réponse % Correct
Déguerpir, c'est "prendre la poudre d'.... escampette
96%
Biscuit à pâte battue qui entre dans la composition de nombreux mets en pâtisserie, dont le nom désigne une habitante d'une ville italienne génoise
48%
Le "pilou-pilou" est une chanson populaire française adoptée par les supporters de l'équipe de rugby de .... Toulon
45%
Ce nom peut désigner - un oiseau échassier - un guide religieux musulman - un sorcier marabout
41%
Quelle île est située entre la Corse et l'Italie (Toscane) ? Elbe
36%
Au Moyen Âge, selon le droit féodal, c'était celui qui rompait le contrat de vassalité - 5 lettres commençant par " f " félon
31%
Transmission à titre gratuit d'un ou plusieurs biens du défunt, faite de son vivant par testament, mais qui ne prendra effet qu'à son décès legs
24%
Cordonnet ou ruban tressé servant à orner - 5 lettres commençant par " g " ganse
15%
Quel tissu ayant un aspect velouté rappelle la texture du daim ? suédine
10%
Dans quelle ville de Bourgogne est né en 1902 l'auteur de "La jument verte" et du "passe-muraille" ? voir photo Joigny
3%
Aucun quiz correspondant
Distribution des résultats
% des personnes avec chaque résultat
Percentile par nombre de réponses
Votre historique - résultats
Vous n’avez pas pris ce quiz